| 000 | 01572nam0a22003371 4500 | ||
|---|---|---|---|
| 001 | RU\NLR\A1\34885 | ||
| 005 | 20251203152403.2 | ||
| 035 | _a(NLR Aleph) 009685003 | ||
| 090 |
_a9715503 _c9715503 |
||
| 100 | _a20100122d1777 u y0rusy50 ca | ||
| 101 | 0 | _arus | |
| 102 | _aRU | ||
| 200 | 1 |
_aДорожной месяцослов на 1777 год, _eс описанием почтовых станов в Российском государстве |
|
| 210 |
_aВ Санктпетербурге _cПри Императорской Академии наук _d[1777] |
||
| 215 |
_a[22], 77, [3] с., [1] л. карт. _d8° |
||
| 310 | _aТираж 1200 экз. | ||
| 314 | _aРед. - С.Я.Румовский | ||
| 315 | _aКарта: "Почтовая карта Российской империи", с подписью: "Грыд. Миха. Махаев" | ||
| 321 | 1 | _aСК XVIII. Т.4, 301 | |
| 518 | 1 | _aДорожный месяцеслов на 1777 год | |
| 620 | _dСанкт-Петербург | ||
| 702 | 1 |
_4350 _7ca _8rus _aМахаев _bМ. И. _f1717-1770 _gМихаил Иванович _9250567 _3RU\NLR\AUTH\770250623 |
|
| 702 | 1 |
_4340 _7ca _8rus _aРумовский _bС. Я. _f1734-1812 _gСтепан Яковлевич _9212512 _3RU\NLR\AUTH\770212568 |
|
| 712 | 0 | 2 |
_aАкадемическая типография _cСанкт-Петербург _4610 |
| 801 | 0 |
_aRU _bNLR _c20100122 |
|
| 852 |
_aNLR _j138/3052 _yдеф.: отсутствует карта |
||
| 899 | _aГПИБ | ||
| 942 | _cBOOK | ||
| 980 | _aNB | ||
| 980 | _aA1XVIIIv | ||